| 000 | 00340nam a22001217a 4500 | ||
|---|---|---|---|
| 008 | 230620b xxu||||| |||| 00| 0 eng d | ||
| 082 |
_a320.96 _bMUL |
||
| 100 | _cAndrw Mullei | ||
| 245 |
_aKenya's Democratic Transition _bChallenges and opportunities |
||
| 260 |
_bAfrican centre for economic growth _c2002 |
||
| 300 | _a27p | ||
| 942 |
_2ddc _cBK |
||
| 999 |
_c1696 _d1696 |
||